00391nam a22001337a 4500003000400000005001700004008004100021040002500062082001500087100003200102245006200134260004200196300001900238OSt20210202113809.0210202b ||||| |||| 00| 0 eng d aDO-SdBNPbspacBNPHU axxxbM516m10aMejía Sarmiento, Federico aManantial de rojas pasiones /cFederico Mejía Sarmiento a[¨Santo Domingo] :b[s. n],c[2000?] a58 p. ;c28 cm